000 00739nam a2200217Ii 4500
003 JO-AjNU
008 230606s9999||||xx |||||||||||||| ||und||
020 _a978-620-2-55720-7
040 _aJO-AjNU
_beng
_erda
_cJO-AjNU
041 _aeng
050 1 4 _aQA303.2020
100 3 _aDAS, DEEPANJAN, RASAJIT KUMAR BERA,
_eauthor
_96619
245 0 0 _aFRACTIONAL CALCULUS-APPLICATION TO PHYSICAL PROBLEMS: Methods Applied to the Solution of Linear and Nonlinear Fractional Differential Equations
250 _a1ed
264 3 1 _aUnited States: Lambert Academic Publishing, 2020
300 _a497p
336 _atext
_btxt
_2rdacontent
337 _aunmediated
_bn
_2rdamedia
338 _avolume
_bnc
_2rdacarrier
650 4 _aCalculus
_96620
999 _aE3436
_c3430
_d3430